| 000 | 00665cam a2200205 4500 | ||
|---|---|---|---|
| 001 | BFIL010681 | ||
| 008 | 1947 a spa | ||
| 035 | _aBFIL010681 | ||
| 050 | 4 |
_aPN4748 _b.A5 H45 1947 |
|
| 100 | 1 | _aHenestrosa, Andrés | |
| 245 | 0 |
_aPeriodismo y periodistas de Hispanoamérica / _cpor Andrés Henestrosa y José D. Fernández de Castro. |
|
| 260 |
_aMéxico : _bSEP, _c1947 |
||
| 300 |
_a150 p. ; _c19 cm. |
||
| 440 | 0 | _aBiblioteca Enciclopédica Popular : (Segunda Epoca) ; 150 | |
| 500 | _a1 ejem. | ||
| 504 | _aIncluye índice | ||
| 650 | 4 |
_aPeriodismo _xAmerica Latina |
|
| 650 | 4 |
_aPeriodistas _xAmerica Latina |
|
| 942 |
_2lcc _cLIB |
||
| 999 |
_c129240 _d129240 |
||